Le mythe de la procréation á l'âge baroque
Guardat en:
| Autor principal: | |
|---|---|
| Format: | Llibre |
| Idioma: | francès |
| Publicat: |
París
Du Seuil
1981
|
| Edició: | 1a. ed |
| Col·lecció: | Collection Points. Historie, 48
|
| Matèries: | |
| Etiquetes: |
Afegir etiqueta
Sense etiquetes, Sigues el primer a etiquetar aquest registre!
|
MARC
| LEADER | 00000cam a2200000 a 4500 | ||
|---|---|---|---|
| 001 | UCD4464 | ||
| 003 | CL-VaPUC | ||
| 008 | 160708e19810000fr |||||||||||||||||fre|d | ||
| 020 | |a 2020057786 | ||
| 082 | 0 | 4 | |a 709 |b DAR |2 21 |
| 100 | 0 | |a Darmon, Pierre |e author |9 588155 | |
| 245 | 1 | 3 | |a Le mythe de la procréation á l'âge baroque |
| 250 | |a 1a. ed | ||
| 300 | |a 283 p | ||
| 942 | |c BK | ||
| 945 | |d 20160708 23:22:00 |a arojas | ||
| 260 | |a París |b Du Seuil |c 1981 | ||
| 650 | 0 | |a Creación artística |9 266215 | |
| 650 | 0 | |a Barroco |9 338027 | |
| 650 | 7 | |a HISTORIA EUROPEA SIGLOS 16-18 |2 CL-VaPUC |9 469653 | |
| 583 | |a last modification |c 20160708 23:22:00 |k Rodrigo Vera | ||
| 490 | 0 | |a Collection Points. Historie, 48 | |
| 999 | |c 365362 |d 365360 | ||
| 952 | |0 0 |1 0 |3 erb |4 0 |6 709_000000000000000_DAR_1981 |7 0 |8 A |9 479179 |a FDOHBE |b FDOHBE |e Huesbe Llanos, Marco Antonio, 1934- |i 5306639 |o 709 DAR 1981 |p 5306639 |r 2024-01-30 |w 2019-11-24 |y BK |z Catalogado en:20160708 |k HBE | ||